Naruto Characters by Arc - Statistics

General Stats
  • This quiz has been taken 94 times
  • The average score is 111 of 945
Answer Stats
Hint Answer % Correct
Land of Waves Naruto Uzumaki
92%
Land of Waves Sasuke Uchiha
90%
Fated Battle Between Brothers K
87%
Fourth Shinobi World War: Countdown Sasuke Sarutobi
86%
Fourth Shinobi World War: Climax | Fourth Shinobi World War: Confrontation | Fourth Shinobi World War: Countdown | Pain's Assault A
84%
Land of Waves Sakura Haruno
78%
Land of Waves Zabuza Momochi
77%
Land of Waves Kakashi Hatake
75%
Five Kage Summit C
73%
Land of Waves Haku
71%
Land of Waves Hiruzen Sarutobi
71%
Fated Battle Between Brothers J
70%
Chūnin Exams Neji Hyūga
70%
Land of Waves Shikamaru Nara
69%
Itachi Pursuit Mission Hina
68%
Land of Waves Ino Yamanaka
68%
Land of Waves Asuma Sarutobi
66%
Land of Waves Hinata Hyūga
66%
Shikamaru Hiden: A Cloud Drifting in Silent Darkness
66%
Land of Waves Iruka Umino
64%
Gotta See! Gotta Know! Kakashi-Sensei's True Face! Ya
64%
Konoha Crush Itachi Uchiha
62%
Pain's Assault Kō Hyūga
62%
Land of Waves Minato Namikaze
62%
Land of Waves Chōji Akimichi
61%
Chūnin Exams Gaara
61%
Chūnin Exams Jiraiya
61%
Power Miina
61%
Menma Memory Search Mission Shiin
61%
Tenchi Bridge Reconnaissance Mission Shin
61%
Search for Tsunade Tsunade
61%
Land of Waves Kiba Inuzuka
60%
Tale of Jiraiya the Gallant Nagato
60%
Chūnin Exams Temari
60%
Fourth Shinobi World War: Climax Tobi
60%
Kazekage Rescue Mission Obito Uchiha
58%
Chūnin Exams Orochimaru
58%
Land of Waves Shino Aburame
58%
Chūnin Exams Tenten
58%
Konoha Crush Hashirama Senju
57%
Konoha Crush Kisame Hoshigaki
57%
Land of Waves Kurenai Yūhi
57%
Chūnin Exams Rock Lee
57%
Chūnin Exams Kankurō
56%
Itachi Pursuit Mission Konan
56%
Land of Waves Konohamaru Sarutobi
56%
Konoha Crush Tobirama Senju
56%
Kazekage Rescue Mission Deidara
55%
Twelve Guardian Ninja Hidan
55%
Chūnin Exams Kabuto Yakushi
55%
Tale of Jiraiya the Gallant Kushina Uzumaki
55%
Tale of Jiraiya the Gallant Madara Uchiha
55%
Kazekage Rescue Mission Danzō Shimura
53%
Fourth Shinobi World War: Confrontation F
53%
Twelve Guardian Ninja Kakuzu
53%
Kazekage Rescue Mission Sasori
53%
Search for Tsunade Dan Katō
52%
Five Kage Summit Han
52%
Tale of Jiraiya the Gallant Yahiko
52%
Five Kage Summit
51%
Fated Battle Between Brothers Killer B
51%
Five Kage Summit Mei Terumī
51%
Chūnin Exams Might Guy
51%
Chūnin Exams Akamaru
49%
Five Kage Summit Fū Yamanaka
49%
Chūnin Exams Gama
49%
Kaguya Ōtsutsuki Strikes, Itachi Shinden Book: Light and Darkness Kaguya Ōtsutsuki
49%
Kakashi Gaiden Rin Nohara
49%
Kazekage Rescue Mission Sai
49%
Tenchi Bridge Reconnaissance Mission Yamato
49%
Chūnin Exams Chōza Akimichi
48%
Land of Waves Ebisu
48%
Sasuke Recovery Mission Kimimaro
48%
Land of Waves Kurama
48%
Birth of the Ten-Tails' Jinchūriki Might Duy
48%
Chūnin Exams Anko Mitarashi
47%
Five Kage Summit Ao
47%
Chūnin Exams Baki
47%
Fourth Shinobi World War: Confrontation | Kazekage Rescue Mission Chiyo
47%
Itachi Pursuit Mission Jūgo
47%
Itachi Pursuit Mission Karin
47%
Chūnin Exams Shikaku Nara
47%
Land of Waves Gamabunta
45%
Chūnin Exams Hayate Gekkō
45%
Chūnin Exams Inoichi Yamanaka
45%
Fated Battle Between Brothers Izuna Uchiha
45%
Gotta See! Gotta Know! Kakashi-Sensei's True Face! Mo
45%
Five Kage Summit Shisui Uchiha
45%
Chūnin Exams Genma Shiranui
44%
Five Kage Summit Indra Ōtsutsuki
44%
Five Kage Summit Ōnoki
44%
Konoha Crush Tayuya
44%
Land of Waves Gatō
43%
Tale of Jiraiya the Gallant Hanzō
43%
Chūnin Exams Ibiki Morino
43%
Search for Tsunade Shizune
43%
Five Kage Summit Asura Ōtsutsuki
42%
Five Kage Summit Darui
42%
Fourth Shinobi World War: Climax Hagoromo Ōtsutsuki
42%
Chūnin Exams Hanabi Hyūga
42%
Konoha Crush Hana Inuzuka
42%
Itachi Pursuit Mission Suigetsu Hōzuki
42%
Chūnin Exams Udon Ise
42%
Chūnin Exams Moegi Kazamatsuri
40%
Fourth Shinobi World War: Confrontation | Search for Tsunade Shū
40%
Konoha Crush Gamakichi
39%
Fourth Shinobi World War: Countdown
39%
Pain's Assault Samui
39%
Search for Tsunade Fugaku Uchiha
38%
Kakashi's Anbu Arc: The Shinobi That Lives in the Darkness Jirō
38%
Pain's Assault Omoi
38%
Chūnin Exams Rasa
38%
Chūnin Exams Hizashi Hyūga
36%
Konoha Crush Jirōbō
36%
Konoha Crush Kidōmaru
36%
Search for Tsunade Manda
36%
Fourth Shinobi World War: Countdown Mito Uzumaki
36%
Land of Waves Mizuki
36%
Konoha Crush Shukaku
36%
Six-Tails Unleashed Utakata
36%
Fated Battle Between Brothers Gyūki
35%
Chūnin Exams Hiashi Hyūga
35%
Pain's Assault Karui
35%
Five Kage Summit Kurotsuchi
35%
Pain's Assault Sakumo Hatake
35%
Pain's Assault Son Gokū
35%
Search for Tsunade Tonton
35%
Fourth Shinobi World War: Climax Aoda
34%
Five Kage Summit Chōjūrō
34%
Search for Tsunade Gamatatsu
34%
Akatsuki Suppression Mission Matatabi
34%
Search for Tsunade Mikoto Uchiha
34%
Land of Waves Pakkun
34%
Search for Tsunade Katsuyu
32%
Five Kage Summit Akatsuchi
31%
Pain's Assault Chōmei
31%
Land of Waves Inari
31%
Five Kage Summit Mifune
31%
Itachi Pursuit Mission Rōshi
31%
Five Kage Summit Torune Aburame
31%
Chūnin Exams Aoba Yamashiro
30%
Three-Tails' Appearance Isobu
30%
Land of Waves Kotetsu Hagane
30%
Six-Tails Unleashed Saiken
30%
Third Great Beast Arc Yagura
30%
Five Kage Summit Yagura Karatachi
30%
Sasuke Recovery Mission Black Zetsu
29%
Konoha Hiden: The Perfect Day for a Wedding Boruto Uzumaki
29%
Twelve Guardian Ninja Fūka
29%
Fourth Shinobi World War: Confrontation Gengetsu Hōzuki
29%
Fourth Shinobi World War: Confrontation Kinkaku
29%
Fourth Shinobi World War: Confrontation Mangetsu Hōzuki
29%
Konoha Crush Sakon and Ukon
29%
Sasuke Recovery Mission White Zetsu
29%
Twelve Guardian Ninja Yugito Nii
29%
Chūnin Exams Dosu Kinuta
27%
Tale of Jiraiya the Gallant Gamaken
27%
Fourth Shinobi World War: Confrontation Ginkaku
27%
Land of Waves Izumo Kamizuki
27%
Fourth Shinobi World War: Climax Rai Uchiha
27%
Land of Waves Tazuna
27%
Kazekage Rescue Mission Ebizō
26%
Konoha Crush Enma
26%
Sasuke Shinden: Book of Sunrise En Oyashiro
26%
Tale of Jiraiya the Gallant Fukasaku
26%
Konoha Crush Gamahiro
26%
Konoha Crush
26%
Birth of the Ten-Tails' Jinchūriki Hamura Ōtsutsuki
25%
Pain's Assault Kokuō
25%
Tale of Jiraiya the Gallant Shima
25%
Chūnin Exams Zaku Abumi
25%
Search for Tsunade Nawaki
23%
Chūnin Exams Teuchi
23%
Tale of Jiraiya the Gallant Gamamaru
22%
Konoha Crush Tsume Inuzuka
22%
Kaguya Ōtsutsuki Strikes, Itachi Shinden Book: Light and Darkness Izumi Uchiha
21%
Pain's Assault Mabui
21%
Chūnin Exams Ayame
19%
Land of Waves Raidō Namiashi
19%
Chūnin Exams | Land of Waves Shiba
19%
Fourth Shinobi World War: Confrontation Ameyuri Ringo
18%
Itachi Pursuit Mission | Three-Tails' Appearance Guren
18%
Fourth Shinobi World War: Confrontation Jinin Akebino
18%
Birth of the Ten-Tails' Jinchūriki Jūzō Biwa
18%
Kurosuki Family Removal Mission Raiga Kurosuki
18%
Konoha Crush Shibi Aburame
18%
Five Kage Summit Ten-Tails
18%
Fourth Shinobi World War: Confrontation Jinpachi Munashi
17%
Fourth Shinobi World War: Countdown Kie
17%
Menma Memory Search Mission Menma
17%
Menma Memory Search Mission Nan
17%
In Naruto's Footsteps: The Friends' Paths Sen
17%
Power | Twelve Guardian Ninja Sora
17%
Kaguya Ōtsutsuki Strikes, Itachi Shinden Book: Light and Darkness Yūki Minazuki
17%
Land of Waves Bull
16%
Fourth Shinobi World War: Climax Byakuren
16%
Fourth Shinobi World War: Countdown Fuguki Suikazan
16%
Chūnin Exams Homura Mitokado
16%
Fourth Shinobi World War: Climax Ishikawa
16%
Birth of the Ten-Tails' Jinchūriki Menma Namikaze
16%
Fourth Shinobi World War: Countdown Motoi
16%
In Naruto's Footsteps: The Friends' Paths Yōrō
16%
Chūnin Exams Yūgao Uzuki
16%
Land of Waves Akino
14%
Fourth Shinobi World War: Countdown Biwako Sarutobi
14%
Twelve Guardian Ninja Chiriku
14%
Chūnin Exams Koharu Utatane
14%
Fourth Shinobi World War: Confrontation Kushimaru Kuriarare
14%
Land of Waves Meizu
14%
Fourth Shinobi World War: Confrontation Pakura
14%
Chūnin Exams Yashamaru
14%
Three-Tails' Appearance Yūkimaru
14%
Land of Waves Bisuke
13%
Fourth Shinobi World War: Climax Itama Senju
13%
Land of Waves Ūhei
13%
Chūnin Exams Yoroi Akadō
13%
Fourth Shinobi World War: Confrontation Atsui
12%
Land of Waves Gōzu
12%
Three-Tails' Appearance Gozu
12%
Land of Waves Guruko
12%
Sasuke Recovery Mission Inabi Uchiha
12%
Land of Waves Kaiza
12%
Fourth Shinobi World War: Climax Kawarama Senju
12%
Fourth Shinobi World War: Countdown Kitsuchi
12%
Fourth Shinobi World War: Confrontation Mirai Sarutobi
12%
Pain's Assault Muta Aburame
12%
Fourth Shinobi World War: Climax Nonō Yakushi
12%
Land of Waves Tsunami
12%
Yakumo Kurama Rescue Mission Yakumo Kurama
12%
Kazekage Rescue Mission Yūra
12%
Land of Tea Escort Mission Aoi Rokushō
10%
Fourth Shinobi World War: Countdown Blue B
10%
Fourth Shinobi World War: Countdown Gari
10%
Tale of Jiraiya the Gallant Gerotora
10%
Tale of Jiraiya the Gallant Ibuse
10%
Land of Tea Escort Mission Idate Morino
10%
Fourth Shinobi World War: Countdown King
10%
Chūnin Exams | Sunagakure Support Mission Matsuri
10%
Konoha Hiden: The Perfect Day for a Wedding Momo
10%
Itachi Pursuit Mission Nekobaa
10%
Chūnin Exams Ningame
10%
Fourth Shinobi World War: Climax | Land of Waves Urushi
10%
Akatsuki Suppression Mission Zangei
10%
Birth of the Ten-Tails' Jinchūriki Bunpuku
9%
Fourth Shinobi World War: Climax Butsuma Senju
9%
Gantetsu Escort Mission | Search for Tsunade Gantetsu
9%
Five Kage Summit Kagami Uchiha
9%
Fourth Shinobi World War: Confrontation Karura
9%
Chūnin Exams Kin Tsuchi
9%
Konoha Crush Kuromaru
9%
Laughing Shino Mai Kagetsu
9%
Kazekage Rescue Mission Maki
9%
Fourth Shinobi World War: Climax Reto
9%
Birth of the Ten-Tails' Jinchūriki Shamon
9%
Kakashi's Anbu Arc: The Shinobi That Lives in the Darkness Tenzō
9%
Fourth Shinobi World War: Confrontation Toroi
9%
Kazekage Rescue Mission Yakku
9%
Sasuke Recovery Mission Yoshino Nara
9%
Fourth Shinobi World War: Confrontation Chen
8%
Fourth Shinobi World War: Confrontation Gaku Inuzuka
8%
Pain's Assault Gamaden
8%
Fourth Shinobi World War: Countdown | Kaguya Ōtsutsuki Strikes, Itachi Shinden Book: Light and Darkness Genbu
8%
Gosunkugi Capture Mission Gosunkugi
8%
Chūnin Exams Kagari
8%
Twelve Guardian Ninja Kazuma
8%
Take the Nine-Tails Mecha-Naruto
8%
In Naruto's Footsteps: The Friends' Paths Shira
8%
Fourth Shinobi World War: Countdown Taji
8%
Fourth Shinobi World War: Climax Tajima Uchiha
8%
Fourth Shinobi World War: Confrontation Tetsu
8%
Fourth Shinobi World War: Countdown Armadiko
6%
Fourth Shinobi World War: Countdown Ashina Uzumaki
6%
Sasuke Shinden: Book of Sunrise Chino
6%
Fourth Shinobi World War: Confrontation Chūkichi
6%
Fourth Shinobi World War: Climax Daen Nara
6%
Fourth Shinobi World War: Confrontation Dōtō Akimichi
6%
Fourth Shinobi World War: Confrontation Ensui Nara
6%
Chūnin Exams Gennai
6%
Kazekage Rescue Mission Hiruko
6%
Six-Tails Unleashed Hotaru
6%
Past Arc: The Locus of Konoha Ikkaku Umino
6%
Pain's Assault Ise
6%
Tenchi Bridge Reconnaissance Mission Kage
6%
Sasuke Recovery Mission Kamatari
6%
Chūnin Exams Mubi
6%
Chūnin Exams Oboro
6%
Five Kage Summit Okisuke
6%
Sasuke Recovery Mission Tekka Uchiha
6%
Kaguya Ōtsutsuki Strikes, Itachi Shinden Book: Light and Darkness Tenma Izumo
6%
Kaguya Ōtsutsuki Strikes, Itachi Shinden Book: Light and Darkness Third Kazekage
6%
Five Kage Summit Tokuma Hyūga
6%
Star Guard Mission Akahoshi
5%
Six-Tails Unleashed En no Gyōja
5%
Mizuki Tracking Mission Fūjin
5%
Five Kage Summit Garuda
5%
Konoha Plans Recapture Mission Gennō's Son
5%
Chūnin Exams | Cursed Warrior Extermination Mission | Sunagakure Support Mission Hōki
5%
Fourth Shinobi World War: Confrontation | Past Arc: The Locus of Konoha | Sasuke Shinden: Book of Sunrise
5%
Road to Sakura Kizashi Haruno
5%
Pain's Assault Kokage Yanagikage
5%
Fourth Shinobi World War: Countdown Manda II
5%
Take the Nine-Tails Mecha-Kurama
5%
Yakumo Kurama Rescue Mission Murakumo Kurama
5%
Past Arc: The Locus of Konoha Naho
5%
Fourth Shinobi World War: Climax Naori Uchiha
5%
Adored Elder Sister Natsu Hyūga
5%
Fourth Shinobi World War: Confrontation | Menma Memory Search Mission Ran
5%
Konoha Plans Recapture Mission Shibuki
5%
Pain's Assault Shiho
5%
Jiraiya Shinobi Handbook: The Tale of Naruto the Hero | Kaguya Ōtsutsuki Strikes, Itachi Shinden Book: Light and Darkness Shiro
5%
Pain's Assault Shitō Akimichi
5%
Yakumo Kurama Rescue Mission Unkai Kurama
5%
Yakumo Kurama Rescue Mission Uroko Kurama
5%
Sasuke Recovery Mission Yashiro Uchiha
5%
Konoha Crush Abiru
4%
Land of Waves Agari
4%
Buried Gold Excavation Agari Kaisen
4%
Six-Tails Unleashed Akaboshi
4%
Kaguya Ōtsutsuki Strikes, Itachi Shinden Book: Light and Darkness | Land of Waves Akane
4%
Chūnin Exams Baiu
4%
Fated Battle Between Brothers | Five Kage Summit Baku
4%
Six-Tails Unleashed Benten
4%
Six-Tails Unleashed Chūshin
4%
Past Arc: The Locus of Konoha Conch King
4%
Fourth Shinobi World War: Confrontation Dodai
4%
Star Guard Mission First Hoshikage
4%
Twelve Guardian Ninja Fudō
4%
Twelve Guardian Ninja Fuen
4%
Ino Screams! Chubby Paradise! Fuku
4%
Fourth Shinobi World War: Countdown Furui
4%
Laughing Shino Fūta Kagetsu
4%
Three-Tails' Appearance Gamariki
4%
Pain's Assault Gamatama
4%
Five Kage Summit Genji
4%
Sasuke Recovery Mission Gen'yūmaru
4%
Land of Waves Genzō
4%
Bikōchū Search Mission Giant Bee
4%
Fourth Shinobi World War: Confrontation Giant Clam
4%
Tale of Jiraiya the Gallant Giant Rhino
4%
Past Arc: The Locus of Konoha Hanare
4%
Peddlers Escort Mission Haruna
4%
Six-Tails Unleashed Harusame
4%
Fated Battle Between Brothers Hikaku Uchiha
4%
Cursed Warrior Extermination Mission Hokushin
4%
Chūnin Exams Hōsei
4%
Chūnin Exams Inaho
4%
Fourth Shinobi World War: Countdown Ittan
4%
Chūnin Exams Iwashi Tatami
4%
Chūnin Exams Iyashi
4%
Kakashi Gaiden Kakkō
4%
Kaguya Ōtsutsuki Strikes, Itachi Shinden Book: Light and Darkness | Konoha Plans Recapture Mission Kanna
4%
Fourth Shinobi World War: Climax Kasuga Nara
4%
Three-Tails' Appearance Kigiri
4%
Three-Tails' Appearance Kihō
4%
Past Arc: The Locus of Konoha Kohari Umino
4%
Chūnin Exams Komaza
4%
Chūnin Exams Komugi
4%
Sunagakure Support Mission Kujaku
4%
Pain's Assault Kyūsuke
4%
Fourth Shinobi World War: Climax Maen Nara
4%
Fourth Shinobi World War: Climax Makaro Akimichi
4%
Fourth Shinobi World War: Confrontation Maruten Akimichi
4%
Road to Sakura Mebuki Haruno
4%
Chūnin Exams Misumi Tsurugi
4%
Chūnin Exams Mitate
4%
Fourth Shinobi World War: Climax Natsu
4%
Mizuki Tracking Mission Raijin
4%
Kurosuki Family Removal Mission Ranmaru
4%
Tale of Jiraiya the Gallant Ryūsui
4%
Five Kage Summit Sabu
4%
Sunagakure Support Mission Seimei
4%
Kaguya Ōtsutsuki Strikes, Itachi Shinden Book: Light and Darkness Shinko Inari
4%
Chūnin Exams Shiore
4%
Kakashi Gaiden Sumashi
4%
Fourth Shinobi World War: Confrontation Suzaku Nara
4%
Fated Battle Between Brothers Tōka Senju
4%
Five Kage Summit Torifu Akimichi
4%
Fourth Shinobi World War: Confrontation Yota
4%
Tenchi Bridge Reconnaissance Mission Yui
4%
Fourth Shinobi World War: Countdown Agara
3%
Land of Waves Ageha
3%
Third Great Beast Arc Agira Ryūdōin
3%
Itachi Pursuit Mission Ahiko
3%
Chūnin Exams Aho Bird
3%
Pain's Assault Ajisai
3%
Gantetsu Escort Mission Akio
3%
Kaima Capture Mission Amachi
3%
Chūnin Exams Ami
3%
Konoha Crush Anbu Commander
3%
Gotta See! Gotta Know! Kakashi-Sensei's True Face! Aniki
3%
Land of Rice Fields Investigation Mission Arashi
3%
Past Arc: The Locus of Konoha Baji
3%
Itachi Pursuit Mission Bakuto
3%
Twelve Guardian Ninja Bansai
3%
Fourth Shinobi World War: Climax Baru Uchiha
3%
Land of Waves Bekkō
3%
Konoha Crush Bird-Masked Anbu Member
3%
Chūnin Exams Boar-Masked Anbu Member
3%
Past Arc: The Locus of Konoha Boxing Kangaroos
3%
Search for Tsunade Buna
3%
Search for Tsunade Bunzō
3%
Past Arc: The Locus of Konoha Chainya
3%
Pain's Assault Chibi
3%
Kurosuki Family Removal Mission Chichiatsu
3%
Ino Screams! Chubby Paradise! Chikara
3%
Cursed Warrior Extermination Mission Chishima
3%
Five Kage Summit Chiyomatsu
3%
Search for Tsunade Chōhan
3%
Search for Tsunade Chōseki
3%
Fourth Shinobi World War: Countdown Chūji
3%
Please, Mr. Postman! Claw Daimyō
3%
Past Arc: The Locus of Konoha Condor
3%
Cursed Warrior Extermination Mission Cursed Warrior
3%
Fourth Shinobi World War: Climax Daibutsu
3%
Chūnin Exams Daichi
3%
Sasuke Recovery Mission Daikoku Funeno
3%
Five Kage Summit Dajimu
3%
Konoha Crush Dekai
3%
Search for Tsunade Dengaku
3%
Itachi Pursuit Mission Denka
3%
Sasuke Recovery Mission Doki
3%
Power Dokku
3%
Fourth Shinobi World War: Countdown Don
3%
Past Arc: The Locus of Konoha Dread Lion
3%
Search for Tsunade Emi
3%
Tenchi Bridge Reconnaissance Mission Emiru
3%
Please, Mr. Postman! Fang Daimyō
3%
Power Faz
3%
Past Arc: The Locus of Konoha Fire Daimyō
3%
Tale of Jiraiya the Gallant First Animal Path
3%
Chūnin Exams | Menma Memory Search Mission Fuki
3%
Land of Tea Escort Mission Fukusuke Hikyakuya
3%
Impossible! Celebrity Ninja Art: Money Style Jutsu! Fukuyokana
3%
Past Arc: The Locus of Konoha Furofuki
3%
Pain's Assault Fusō
3%
Chūnin Exams Futaba
3%
Past Arc: The Locus of Konoha Gameru
3%
Gosunkugi Capture Mission Gatsu
3%
Konoha Plans Recapture Mission Gennō
3%
Third Great Beast Arc Genshō Ryūdōin
3%
Past Arc: The Locus of Konoha Giant Anteater
3%
Pain's Assault Giant Centipede
3%
Tale of Jiraiya the Gallant Giant Crustacean
3%
Tale of Jiraiya the Gallant Giant Drill-Beaked Bird
3%
Konoha Plans Recapture Mission Giant Eagle
3%
Tale of Jiraiya the Gallant Giant Multi-Headed Dog
3%
Tale of Jiraiya the Gallant Giant Ox
3%
Tale of Jiraiya the Gallant Giant Panda
3%
Tale of Jiraiya the Gallant Giant Snake-Tailed Chameleon
3%
Fourth Shinobi World War: Countdown Giant Squid
3%
Land of Waves Giichi
3%
Itachi Pursuit Mission Ginji
3%
Five Kage Summit Gonbee
3%
Search for Tsunade Goshiki
3%
Kazekage Rescue Mission Gōza
3%
Kurosuki Family Removal Mission Hachidai
3%
Burn Copper Pot, Burn Hakkaku
3%
Land of Waves Haku's Father
3%
Land of Waves Haku's Mother
3%
Kakashi Gaiden Hamaki Mimura
3%
Land of Rice Fields Investigation Mission Hanzaki
3%
Six-Tails Unleashed Hāto
3%
Past Arc: The Locus of Konoha Hayama Shirakumo
3%
Chūnin Exams Hayase
3%
Past Arc: The Locus of Konoha Headman's Granddaughter
3%
Chūnin Exams Head Ninja of Kumogakure
3%
Five Kage Summit Heki
3%
Past Arc: The Locus of Konoha Hibachi
3%
Chūnin Exams Hibari
3%
Pain's Assault Hinata and Hanabi's Mother
3%
Kaima Capture Mission Hitode
3%
Fourth Shinobi World War: Countdown Hoheto Hyūga
3%
Star Guard Mission Hokuto
3%
Sasuke Recovery Mission Hōshō
3%
Star Guard Mission Hotarubi
3%
Tale of Jiraiya the Gallant Human Path
3%
Tenchi Bridge Reconnaissance Mission Hyō
3%
Chūnin Exams Hyūga Elder
3%
Land of Waves Ibara
3%
Akatsuki Suppression Mission Ichigen
3%
Fourth Shinobi World War: Confrontation Iroha Hyūga
3%
Kazekage Rescue Mission Isago
3%
Kaima Capture Mission Isaribi
3%
Pain's Assault Itachi's Crow
3%
Kazekage Rescue Mission Ittetsu
3%
Past Arc: The Locus of Konoha Iwa Kunoichi
3%
Past Arc: The Locus of Konoha Jako
3%
Third Great Beast Arc Jakō Ryūdōin
3%
Search for Tsunade Jantō
3%
Bikōchū Search Mission Jibachi
3%
Peddlers Escort Mission Jiga
3%
Land of Rice Fields Investigation Mission Jigumo
3%
Search for Tsunade Jirōchō Wasabi
3%
Sunagakure Support Mission Jōseki
3%
Chūnin Exams Kabuto's Sensei
3%
Past Arc: The Locus of Konoha Kageki
3%
Land of Rice Fields Investigation Mission Kagerō
3%
Land of Waves Kaji
3%
Pain's Assault Kakoi
3%
Past Arc: The Locus of Konoha Kanabun
3%
Past Arc: The Locus of Konoha Kandachi
3%
Chūnin Exams Kanpō
3%
Chūnin Exams Kaori
3%
Kurosuki Family Removal Mission Karashi
3%
Konoha Crush Kashike
3%
Chūnin Exams Kasumi
3%
Past Arc: The Locus of Konoha Katazu
3%
The Mysterious Curse of the Haunted Castle Kayo
3%
Search for Tsunade Kazabune
3%
Peddlers Escort Mission Kikunojō
3%
Pain's Assault King of Hell
3%
Past Arc: The Locus of Konoha Kisuke Maboroshi
3%
Past Arc: The Locus of Konoha Kisuke's Wife
3%
Twelve Guardian Ninja Kitane
3%
Sasuke Recovery Mission Kitō
3%
Fated Battle Between Brothers Kiyoi Yotsuki
3%
Laughing Shino Kiyoyasu Kagetsu
3%
Search for Tsunade Kohada
3%
Chūnin Exams | In Naruto's Footsteps: The Friends' Paths Kōji
3%
Past Arc: The Locus of Konoha Korobi
3%
Pain's Assault Kōsuke
3%
Fourth Shinobi World War: Climax Kosuke
3%
Past Arc: The Locus of Konoha Kosuke Maruboshi
3%
Land of Rice Fields Investigation Mission Kotohime
3%
Land of Waves Kumade Toriichi
3%
Pain's Assault Kumadori
3%
Impossible! Celebrity Ninja Art: Money Style Jutsu! Kunihisa
3%
Search for Tsunade Kunugi Mokume
3%
Bikōchū Search Mission Kurobachi
3%
Land of Waves Kusabi
3%
Fourth Shinobi World War: Countdown Kussaku
3%
Sasuke Recovery Mission Kyodaigumo
3%
Kakashi Gaiden Mahiru
3%
Chūnin Exams Manabu Akado
3%
Chūnin Exams Midare
3%
Chūnin Exams Midori
3%
Cursed Warrior Extermination Mission Nagare
3%
Six-Tails Unleashed Nangō
3%
Chūnin Exams Nejiri
3%
Three-Tails' Appearance Nurari
3%
Land of Waves Pochi
3%
Five Kage Summit Ponta
3%
Peddlers Escort Mission Renga
3%
Three-Tails' Appearance Rinji
3%
Peddlers Escort Mission Ruiga
3%
Big Adventure Samidare
3%
Fourth Shinobi World War: Confrontation Santa Yamanaka
3%
Fated Battle Between Brothers Setsuna Uchiha
3%
Chūnin Exams Shigure
3%
Five Kage Summit Shikuro Aburame
3%
Konoha Crush Shinigami
3%
Six-Tails Unleashed Shiranami
3%
Fourth Shinobi World War: Climax Shun
3%
Gantetsu Escort Mission Shura
3%
Big Adventure Suiu
3%
Chūnin Exams Sukima
3%
Tenchi Bridge Reconnaissance Mission Sumire
3%
Kaguya Ōtsutsuki Strikes, Itachi Shinden Book: Light and Darkness Suzaku
3%
Itachi Pursuit Mission Tamaki
3%
Fourth Shinobi World War: Climax Tatsuma Aburame
3%
Land of Tea Escort Mission Tea Daimyō
3%
Kaguya Ōtsutsuki Strikes, Itachi Shinden Book: Light and Darkness Tenji
3%
Search for Tsunade Teyaki Uchiha
3%
Tale of Jiraiya the Gallant Tezuna
3%
Star Guard Mission Third Hoshikage
3%
Konoha Crush Three Giant Snakes
3%
Gantetsu Escort Mission Todoroki
3%
Six-Tails Unleashed Tonbee
3%
Fated Battle Between Brothers | Land of Waves Tora
3%
Land of Waves | Mizuki Tracking Mission Tsubaki
3%
Six-Tails Unleashed Tsurugi
3%
Kaima Capture Mission Umibōzu
3%
Five Kage Summit Urakaku
3%
Search for Tsunade Uruchi Uchiha
3%
Fated Battle Between Brothers Ushi
3%
Land of Waves Waraji
3%
Chūnin Exams | Fourth Shinobi World War: Countdown Wind Daimyō
3%
Fated Battle Between Brothers Yakumi Uchiha
3%
Land of Waves Zōri
3%
Kaguya Ōtsutsuki Strikes, Itachi Shinden Book: Light and Darkness Aino
1%
Past Arc: The Locus of Konoha Akane's Father
1%
Fourth Shinobi World War: Confrontation Amai
1%
In Naruto's Footsteps: The Friends' Paths Ameno
1%
Sasuke Shinden: Book of Sunrise Amino
1%
Jiraiya Shinobi Handbook: The Tale of Naruto the Hero Ashitaba
1%
Tale of Jiraiya the Gallant Asura Path
1%
Fourth Shinobi World War: Confrontation Azami
1%
Birth of the Ten-Tails' Jinchūriki Babu
1%
Paradise Life on a Boat Bandō
1%
Paradise Life on a Boat Banna
1%
Konoha Hiden: The Perfect Day for a Wedding Beekeeper
1%
In Naruto's Footsteps: The Friends' Paths Burami
1%
Paradise Life on a Boat Captain of the Ghost Ship
1%
Akatsuki Suppression Mission Chōji's Mother
1%
Fourth Shinobi World War: Confrontation Chūkaku
1%
Fourth Shinobi World War: Confrontation Daimaru
1%
Past Arc: The Locus of Konoha Dangō
1%
In Naruto's Footsteps: The Friends' Paths Datsuji
1%
Kazekage Rescue Mission Demonic Statue of the Outer Path
1%
Power Disonasu
1%
Kaguya Ōtsutsuki Strikes, Itachi Shinden Book: Light and Darkness Dokan
1%
Chūnin Exams Eagle-Masked Anbu Member
1%
Fourth Shinobi World War: Countdown Earth Daimyō
1%
Fourth Shinobi World War: Confrontation Earth Prison Golem
1%
Kaguya Ōtsutsuki Strikes, Itachi Shinden Book: Light and Darkness Edashi
1%
Land of Tea Escort Mission Evil Minister of the Tea Daimyō
1%
Paradise Life on a Boat Former Leader of Nadeshiko Village
1%
Yakumo Kurama Rescue Mission Fox-Masked Anbu Member
1%
Fourth Shinobi World War: Confrontation Frost Daimyō
1%
In Naruto's Footsteps: The Friends' Paths Fugi
1%
Fourth Shinobi World War: Countdown Fukuemon
1%
Itachi Pursuit Mission Funari
1%
Kaguya Ōtsutsuki Strikes, Itachi Shinden Book: Light and Darkness Futami
1%
Sasuke Shinden: Book of Sunrise Futsu
1%
In Naruto's Footsteps: The Friends' Paths Fuyō
1%
Paradise Life on a Boat Ganryū
1%
Kaguya Ōtsutsuki Strikes, Itachi Shinden Book: Light and Darkness Gasuka
1%
Paradise Life on a Boat Gataro
1%
Shikamaru Hiden: A Cloud Drifting in Silent Darkness Gengo
1%
Paradise Life on a Boat Giant Corpse Crab
1%
Paradise Life on a Boat Giant Marlin
1%
In Naruto's Footsteps: The Friends' Paths Goji
1%
Kakashi's Anbu Arc: The Shinobi That Lives in the Darkness Gotta
1%
Fourth Shinobi World War: Confrontation Hakui
1%
Kaguya Ōtsutsuki Strikes, Itachi Shinden Book: Light and Darkness Haori
1%
Fourth Shinobi World War: Climax Harine
1%
Fourth Shinobi World War: Confrontation Heiji
1%
Fourth Shinobi World War: Countdown Hikaru
1%
Sasuke Shinden: Book of Sunrise Himeyuri
1%
Fourth Shinobi World War: Confrontation Himushi
1%
Kakashi's Anbu Arc: The Shinobi That Lives in the Darkness Hinoe
1%
Shikamaru Hiden: A Cloud Drifting in Silent Darkness Hinoko
1%
Kakashi's Anbu Arc: The Shinobi That Lives in the Darkness Hinoto
1%
Fourth Shinobi World War: Countdown Hippo Boss
1%
Paradise Life on a Boat Hishaku
1%
In Naruto's Footsteps: The Friends' Paths Hōichi
1%
Paradise Life on a Boat Honoka
1%
Fourth Shinobi World War: Confrontation Hot Water Daimyō
1%
Paradise Life on a Boat Iggy
1%
Birth of the Ten-Tails' Jinchūriki Inagi
1%
Fourth Shinobi World War: Confrontation Ino's Mother
1%
Jiraiya Shinobi Handbook: The Tale of Naruto the Hero Iroha
1%
Fourth Shinobi World War: Confrontation Isono
1%
Paradise Life on a Boat Iwaji
1%
Paradise Life on a Boat Iwakyō
1%
Land of Waves Iwana Akame
1%
Birth of the Ten-Tails' Jinchūriki Iwato
1%
Paradise Life on a Boat Iwazō
1%
Past Arc: The Locus of Konoha Jōmae Village Head
1%
Paradise Life on a Boat Junsai
1%
Fourth Shinobi World War: Countdown Kabure Tokisuki
1%
Kaguya Ōtsutsuki Strikes, Itachi Shinden Book: Light and Darkness Kaede
1%
Sasuke Recovery Mission Kaguya Clan Patriarch
1%
Kaguya Ōtsutsuki Strikes, Itachi Shinden Book: Light and Darkness Kakuzu's Partner
1%
Land of Rice Fields Investigation Mission Kamikiri
1%
Kakashi's Anbu Arc: The Shinobi That Lives in the Darkness Kanoe
1%
Kakashi's Anbu Arc: The Shinobi That Lives in the Darkness Kanoto
1%
Fourth Shinobi World War: Climax Kanpu
1%
Fourth Shinobi World War: Confrontation Karai
1%
Birth of the Ten-Tails' Jinchūriki Karin's Mother
1%
Sasuke Shinden: Book of Sunrise Karyū
1%
Jiraiya Shinobi Handbook: The Tale of Naruto the Hero Kaya
1%
Fourth Shinobi World War: Confrontation Kayui
1%
In Naruto's Footsteps: The Friends' Paths Kazami
1%
In Naruto's Footsteps: The Friends' Paths Kegon
1%
Fourth Shinobi World War: Climax Keiri
1%
Paradise Life on a Boat Kiji
1%
Kakashi's Anbu Arc: The Shinobi That Lives in the Darkness Kinoto
1%
Fourth Shinobi World War: Countdown Kintoki
1%
Paradise Life on a Boat Kiri
1%
Akatsuki Suppression Mission Kiyomu Fukuda
1%
Paradise Life on a Boat Kokuyō
1%
Cursed Warrior Extermination Mission Kōmei
1%
Jiraiya Shinobi Handbook: The Tale of Naruto the Hero Komichi
1%
Shikamaru Hiden: A Cloud Drifting in Silent Darkness Komori
1%
Sasuke Recovery Mission Kōta
1%
The Mysterious Curse of the Haunted Castle Kōza Kubisaki
1%
Impossible! Celebrity Ninja Art: Money Style Jutsu! Kunijirō
1%
Five Kage Summit Kurozuka
1%
Search for Tsunade Kusuma
1%
Past Arc: The Locus of Konoha Kusune
1%
Sasuke Recovery Mission Kusushi
1%
Itachi Pursuit Mission Kyōya
1%
Land of Tea Escort Mission Kyūroku Wagarashi
1%
Fourth Shinobi World War: Countdown Lightning Daimyō
1%
Land of Waves Madam Shijimi
1%
Pain's Assault Mawashi Dokuraku
1%
Pain's Assault Messenger Lizard
1%
Gosunkugi Capture Mission Michizō Manaka
1%
Sasuke Recovery Mission Migaki
1%
Chūnin Exams Minoji
1%
Pain's Assault Mitoku
1%
Pain's Assault Mizunoto
1%
Star Guard Mission Mizura
1%
In Naruto's Footsteps: The Friends' Paths Moguranmaru
1%
Sasuke Recovery Mission Mogusa
1%
Peddlers Escort Mission | Search for Tsunade Momiji
1%
The Appearance of Strange Visitors (Episode) Mondai
1%
Gantetsu Escort Mission Monju
1%
Kazekage Rescue Mission Monzaemon Chikamatsu
1%
Fourth Shinobi World War: Confrontation Moroi
1%
Chūnin Exams | Paradise Life on a Boat Mozuku
1%
Kazekage Rescue Mission Mukade
1%
Tenchi Bridge Reconnaissance Mission Nae
1%
Fourth Shinobi World War: Climax Naka Uchiha
1%
Viva Dojo Challenge Nanafushi
1%
Tale of Jiraiya the Gallant Naraka Path
1%
Kazekage Rescue Mission Natori
1%
Star Guard Mission Natsuhi
1%
Twelve Guardian Ninja Nauma
1%
Past Arc: The Locus of Konoha Nekomata
1%
Chūnin Exams Nobori
1%
Sasuke Shinden: Book of Sunrise Nowaki
1%
Gotta See! Gotta Know! Kakashi-Sensei's True Face! Okami
1%
Chūnin Exams Ōkei
1%
Chūnin Exams Okyō
1%
The Onbaa! Onbu
1%
Chūnin Exams Otoha
1%
Search for Tsunade Otokaze
1%
Konoha Crush Ōtora
1%
Cursed Warrior Extermination Mission Ōwashi
1%
Pain's Assault Oyone
1%
The Appearance of Strange Visitors (Episode) Potcha
1%
Tale of Jiraiya the Gallant Preta Path
1%
Five Kage Summit Ranka
1%
Kazekage Rescue Mission Reki
1%
Konoha Crush | Search for Tsunade Riichi
1%
Akatsuki Suppression Mission Rikumaru
1%
Third Great Beast Arc Rokkaku Ryūdōin
1%
Kurosuki Family Removal Mission Rokusuke
1%
Kazekage Rescue Mission Ryōkan
1%
Sunagakure Support Mission Ryūgan
1%
Kazekage Rescue Mission Ryūsa
1%
Past Arc: The Locus of Konoha Sabiru
1%
Paradise Life on a Boat Sada
1%
Past Arc: The Locus of Konoha Sadai
1%
Cursed Warrior Extermination Mission Sagi
1%
Pain's Assault Saisu Kamano
1%
In Naruto's Footsteps: The Friends' Paths | Konoha Crush Sajin
1%
Kazekage Rescue Mission Sajō
1%
In Naruto's Footsteps: The Friends' Paths Sana
1%
Kurosuki Family Removal Mission Sangorō
1%
Kurosuki Family Removal Mission Sanshō
1%
Konoha Hiden: The Perfect Day for a Wedding Sansho
1%
Kazekage Rescue Mission Sari
1%
Land of Rice Fields Investigation Mission Sasame
1%
Kazekage Rescue Mission Sasori's Father
1%
Kazekage Rescue Mission Sasori's Mother
1%
Search for Tsunade Satetsu
1%
Gosunkugi Capture Mission Sazanami
1%
Twelve Guardian Ninja Seito
1%
Past Arc: The Locus of Konoha Sekiei
1%
Past Arc: The Locus of Konoha Sekiei's Partner
1%
Kazekage Rescue Mission Sekka
1%
Search for Tsunade Senta
1%
Akatsuki Suppression Mission Sentoki
1%
Chūnin Exams Shibire
1%
Kakashi Gaiden Shibito Azuma
1%
Past Arc: The Locus of Konoha Shikazo
1%
Search for Tsunade Shimeji
1%
Chūnin Exams Shimon Hijiri
1%
Impossible! Celebrity Ninja Art: Money Style Jutsu! Shinayakana
1%
Birth of the Ten-Tails' Jinchūriki Shinbu
1%
The Prized Artefact Shin'emon
1%
Fourth Shinobi World War: Countdown Shinku Yūhi
1%
Konoha Crush Shinobu Mibu
1%
Sasuke Recovery Mission Shinta
1%
The Mysterious Curse of the Haunted Castle Shiromari
1%
Star Guard Mission Shisō
1%
Past Arc: The Locus of Konoha Shōseki
1%
Land of Rice Fields Investigation Mission Sound Daimyō
1%
Search for Tsunade Sōzu
1%
Past Arc: The Locus of Konoha Suguro
1%
Paradise Life on a Boat Suika
1%
Sunagakure Support Mission Suiko
1%
Kurosuki Family Removal Mission Sukeza
1%
Past Arc: The Locus of Konoha Sukune
1%
Star Guard Mission Sumaru
1%
Past Arc: The Locus of Konoha Suna Assassin Captain
1%
Kazekage Rescue Mission Suname
1%
Search for Tsunade Susuki
1%
Chūnin Exams Suzume
1%
Bikōchū Search Mission Suzumebachi
1%
Jiraiya Shinobi Handbook: The Tale of Naruto the Hero Taiko Uchiha
1%
Kakashi Gaiden Taiseki
1%
Kazekage Rescue Mission Takamaru
1%
Itachi Pursuit Mission Takishi
1%
Pain's Assault Tamae
1%
Pain's Assault Tami
1%
Past Arc: The Locus of Konoha Tanishi
1%
Chūnin Exams Tanzō
1%
Fourth Shinobi World War: Confrontation Tatewaki
1%
Twelve Guardian Ninja Tatsuji
1%
Land of Waves Teguse
1%
Past Arc: The Locus of Konoha Tekuno Kanden
1%
Itachi Pursuit Mission Tenzen Daikoku
1%
Itachi Pursuit Mission Tenzen's Bodyguard
1%
Five Kage Summit Tera
1%
Five Kage Summit Terai
1%
Pain's Assault Tessen Togeito
1%
Itachi Pursuit Mission Tetsuru
1%
Birth of the Ten-Tails' Jinchūriki Third Mizukage
1%
Konoha Crush Three Haimaru Brothers
1%
Chūnin Exams Tiger-Masked Anbu Member
1%
Laughing Shino Tōbei Kagetsu
1%
Land of Waves Tobio
1%
Past Arc: The Locus of Konoha Tōfū
1%
Cursed Warrior Extermination Mission | Gantetsu Escort Mission Toki
1%
Konoha Crush Tomari
1%
Land of Waves Tonbo Tobitake
1%
Twelve Guardian Ninja Tōu
1%
Kazekage Rescue Mission Tsubusa
1%
Six-Tails Unleashed Tsuchigumo Chief
1%
Konoha Crush Tsuchino
1%
Past Arc: The Locus of Konoha Tsukado
1%
Laughing Shino Tsukiko Kagetsu
1%
Itachi Pursuit Mission Tsukushi
1%
Gantetsu Escort Mission Tsuzumi
1%
Chūnin Exams Tsuzumi Sarugaku
1%
Tale of Jiraiya the Gallant Ugatsu
1%
Paradise Life on a Boat Ultimate Summoning Beast
1%
Past Arc: The Locus of Konoha Unagi
1%
Tenchi Bridge Reconnaissance Mission Unmo Samidare
1%
Konoha Crush Unnamed Team 6 Member
1%
Past Arc: The Locus of Konoha Village Headman
1%
Fourth Shinobi World War: Countdown Water Daimyō
1%
Land of Waves Yajirobee
1%
Past Arc: The Locus of Konoha Yaoki
1%
Past Arc: The Locus of Konoha Yone
1%
Five Kage Summit Yoshiteru
1%
Star Guard Mission Yotaka
1%
Tale of Jiraiya the Gallant Yūdachi
1%
Three-Tails' Appearance Yūkimaru's Mother
1%
Kakashi's Anbu Arc: The Shinobi That Lives in the Darkness Yukimi
1%
Kazekage Rescue Mission Yurika
1%
Peddlers Escort Mission Yurinojō
1%
Akatsuki Suppression Mission Zenza
1%
Fourth Shinobi World War: Confrontation Komushi
0%
Fourth Shinobi World War: Confrontation Kumo Reincarnated Shinobi
0%
Power Lando
0%
Power Leo
0%
Sasuke Shinden: Book of Sunrise Makibi
0%
In Naruto's Footsteps: The Friends' Paths Mamushi
0%
Konoha Hiden: The Perfect Day for a Wedding Mibuna
0%
In Naruto's Footsteps: The Friends' Paths Mijin
0%
In Naruto's Footsteps: The Friends' Paths Mikoshi
0%
Shikamaru Hiden: A Cloud Drifting in Silent Darkness Minoichi
0%
Fourth Shinobi World War: Countdown Miru
0%
Kaguya Ōtsutsuki Strikes, Itachi Shinden Book: Light and Darkness Mitsuo
0%
Kakashi's Anbu Arc: The Shinobi That Lives in the Darkness Mizunoe
0%
Fourth Shinobi World War: Confrontation Monga
0%
Fourth Shinobi World War: Confrontation Morio
0%
In Naruto's Footsteps: The Friends' Paths Mujin
0%
Fourth Shinobi World War: Confrontation Musai
0%
In Naruto's Footsteps: The Friends' Paths Muyami
0%
Fourth Shinobi World War: Confrontation Nigai
0%
Power Nine-Tailed Naruto Clone
0%
Fourth Shinobi World War: Confrontation Nonota
0%
Fourth Shinobi World War: Confrontation Nurui
0%
Birth of the Ten-Tails' Jinchūriki Obito's Grandmother
0%
Fourth Shinobi World War: Confrontation Osoi
0%
Sasuke Shinden: Book of Sunrise Raimei
0%
Fourth Shinobi World War: Confrontation Rashii
0%
Fourth Shinobi World War: Confrontation Ruka
0%
Konoha Hiden: The Perfect Day for a Wedding Sadoru
0%
Fourth Shinobi World War: Climax Sagan
0%
Paradise Life on a Boat Sagiri
0%
In Naruto's Footsteps: The Friends' Paths Saya
0%
Power Shiseru
0%
In Naruto's Footsteps: The Friends' Paths Shishio
0%
Paradise Life on a Boat Shizuka
0%
Paradise Life on a Boat Sōta
0%
Fourth Shinobi World War: Countdown Stone Carver
0%
Fourth Shinobi World War: Countdown Stone Carver's Assistant
0%
In Naruto's Footsteps: The Friends' Paths | Paradise Life on a Boat Suiren
0%
Fourth Shinobi World War: Confrontation Sukui
0%
Fourth Shinobi World War: Confrontation Suna Reincarnated Shinobi
0%
Sasuke Shinden: Book of Sunrise Suzuran
0%
Sasuke Shinden: Book of Sunrise Tadaichi
0%
Kaguya Ōtsutsuki Strikes, Itachi Shinden Book: Light and Darkness Taizō
0%
Fourth Shinobi World War: Confrontation Tajiki
0%
Fourth Shinobi World War: Confrontation Taku
0%
Fourth Shinobi World War: Confrontation Tamao
0%
Fourth Shinobi World War: Confrontation Tango
0%
Kakashi's Anbu Arc: The Shinobi That Lives in the Darkness Tarō
0%
In Naruto's Footsteps: The Friends' Paths Team Goji Leader
0%
Fourth Shinobi World War: Confrontation Temui
0%
Fourth Shinobi World War: Countdown Tenga
0%
Fourth Shinobi World War: Climax Terubō
0%
Fourth Shinobi World War: Confrontation This Daimyō
0%
Fourth Shinobi World War: Countdown Tobimaru
0%
Fourth Shinobi World War: Climax Tokara
0%
Paradise Life on a Boat Tokiwa
0%
Power Tonika Village Head
0%
Kakashi's Anbu Arc: The Shinobi That Lives in the Darkness Tsuchinoe
0%
Kakashi's Anbu Arc: The Shinobi That Lives in the Darkness Tsuchinoto
0%
Konoha Hiden: The Perfect Day for a Wedding Tsukune
0%
Paradise Life on a Boat Ubau
0%
Fourth Shinobi World War: Confrontation Watase
0%
Fourth Shinobi World War: Climax White Snake Sage
0%
Fourth Shinobi World War: Climax Yatogo Ryūgen
0%
Fourth Shinobi World War: Confrontation Yokaze
0%
Fourth Shinobi World War: Confrontation Yokozuna
0%
In Naruto's Footsteps: The Friends' Paths Yome
0%
Fourth Shinobi World War: Confrontation Yukai
0%
Fourth Shinobi World War: Confrontation Yukata
0%
Shikamaru Hiden: A Cloud Drifting in Silent Darkness Yurito
0%
Fourth Shinobi World War: Confrontation Yurui
0%
Paradise Life on a Boat Yūsuke
0%
Paradise Life on a Boat Yūsuke's Father
0%
Fourth Shinobi World War: Confrontation | Fourth Shinobi World War: Countdown Zaji
0%
Birth of the Ten-Tails' Jinchūriki Zōsui
0%
No matching quizzes found
Score Distribution
Percent of People with Each Score
Percentile by Number Answered
Your Score History
You have not taken this quiz